Charles de Gaulle de 1940 à 1958 - Statistiques

Statistiques générales
  • Ce quiz a été pris 27 fois
  • Le résultat moyen est 5 sur 15
Statistiques - réponses
Hint Réponse % Correct
pour se terminer en 1958
83%
Sa période d'éloignement du pouvoir commence en 1946
79%
Il vit le plus souvent à cette époque à Colombey-les-deux-églises
67%
Le gouvernement provisoire est crée le 3 août 1944 à Alger
58%
Il accepte en 1958 à la demande du président René Coty
50%
Les Américains préfèrent un autre général nommé Giraud
46%
Dans le département de Haute-Marne
42%
Il entre à Paris le 25 août
38%
On l'appelle... traversée du désert
25%
Il s'installe dans un bâtiment officiel, lequel ? Ministère de la Guerre
17%
En 1947, il fonde... (en toutes lettres) Rassemblement du Peuple Français
17%
En 1946, il prononce le discours de Bayeux, le... 16 juin
13%
Le général de Gaulle revient en France en 1944 mais quel jour ? 14 août
4%
Quels sont les trois premiers pays qui se rallient à la France libre du général de Gaulle ? Tchad Congo Gabon
4%
On lui propose pour la première fois de revenir au pouvoir en novembre 1954
0%
Aucun quiz correspondant
Distribution des résultats
% des personnes avec chaque résultat
Percentile par nombre de réponses
Votre historique - résultats
Vous n’avez pas pris ce quiz